Δήμοι της Ελλάδας που Αρχίζουν από Β - Statistics

General Stats
  • This quiz has been taken 11 times
  • The average score is 5 of 14
Answer Stats
Δήμος % Correct
Βόλου
80%
Βύρωνος
80%
Βάρης-Βούλας-Βουλιαγμένης
60%
Βέροιας
60%
Βορείων Τζουμέρκων
40%
Βόρειας Κέρκυρας
30%
Βόρειας Κυνουρίας
30%
Βριλησσίων
30%
Βέλου-Βόχας
20%
Βισαλτίας
20%
Βόλβης
20%
Βιάννου
10%
Βοΐου
10%
Βελβεντού
0%
No matching quizzes found
Score Distribution
Percent of People with Each Score
Percentile by Number Answered
Your Score History
You have not taken this quiz